LEADER 00910nam a2200181 i 4500 001 000000010435 003 CaOOAMICUS 005 20180830125440.0 008 180830s1991 it u000 u ita u 040 $aSeMil$bita 100 1 $aBeltrame Quattrocchi, Paolino,$c.$0(OLS)http://semarc/name/5079 245 10$aPosso darti del tu, Signore? :$bNote di catechesi sulla preghiera /$cPaolino Beltrame Quattrocchi ; prefazione di Giorgio Torelli. 260 $aCasale Monferrato (AL) :$bPiemme,$c1991. 300 $av. ;$c21 cm. 700 1 $aTorelli, Giorgio,$d<1928-2023>.$0(OLS)http://semarc/name/5080 774 0 $aBeltrame Quattrocchi, Paolino $tNozioni di base.$z88-384-1619-2$g1$w()128201 996 $6245$aPosso darti del tu, Signore? :$bNote di catechesi sulla preghiera$9(OLS)http://semarc/title/13783 996 $6260$aCasale Monferrato (AL) :$bPiemme$9(OLS)http://semarc/publisher/30052 LEADER 01163nam a2200277 i 4500 001 000000169551 003 CaOOAMICUS 005 20080310000000.0 008 080310s2007 it u000 u ita u 013 $a146954 020 $a978-88-01-02061-8 040 $aSeMil$bita 100 1 $aMoloney, Francis James.$0(OLS)http://semarc/name/59101 240 14$aThe Gospel of John.$0(OLS)http://semarc/title/242478 245 13$aIl Vangelo di Giovanni /$cFrancis J. Moloney. 260 $aLeumann (TO) :$bElledici,$c2007. 300 $aXX, 519 p. ;$c24 cm. 490 0 $aSacra pagina ;$v4 650 4$aBibbia. Nuovo Testamento. Vangelo secondo Giovanni - Commentari, studi, critica, interpretazioni.$0(OLS)http://semarc/subject/119 830 0$aSacra pagina ;$v4.$0(OLS)http://semarc/title/40175 850 $aSeMil 852 $aSeMil$W1$xVenegono$y1$m2W V 14$j120482$B120482$CSeMilBibl$Z2$F131877 $81 961 $aOmaggio: Casa editrice 996 $6020$a978-88-01-02061-8$9(OLS)http://semarc/number/156431 996 $6245$aIl Vangelo di Giovanni$9(OLS)http://semarc/title/20590 996 $6260$aLeumann (TO) :$bElledici$9(OLS)http://semarc/publisher/29715